Paroles 4Motion - PLK, Maes - Statistiques

Statistiques générales
  • Ce quiz a été pris 90 fois
  • Le résultat moyen est 157 sur 499
Statistiques - réponses
Hint Réponse % Correct
le
96%
Le
96%
à
92%
la
82%
dans
76%
Dans
76%
de
71%
pas
71%
au
66%
faire
66%
son
64%
les
63%
Y'a
63%
y'a
63%
Augmente
61%
J'sais
61%
j'sais
61%
qu'a
61%
que
61%
pitre
58%
ça
55%
Ca
55%
des
54%
ma
53%
quatre
53%
l'amoureux
51%
va
50%
plus
49%
un
49%
Un
49%
en
47%
En
47%
pots
47%
qui
46%
Qui
46%
fait
43%
fais
42%
Kalash
42%
meilleur
42%
vite
42%
Pré-refrain (PLK & Maes) Elle
41%
elle
41%
tu
41%
jeune
39%
moi
37%
comme
36%
j'suis
36%
l'pire
36%
Mais
36%
mais
36%
on
36%
On
36%
ou
36%
sur
36%
Sur
36%
Il
34%
il
34%
caprices
33%
j'ai
33%
J'ai
33%
temps
33%
voudra
33%
attaché
32%
histoires
32%
mission
32%
vie
32%
analyses
30%
roule
30%
t'amocher
30%
depuis
29%
l'meilleur
29%
finira
28%
décompresse
26%
l'4Motion
26%
nous
26%
tout
26%
m'fait
25%
Shatta
25%
solution
25%
Tanger
25%
du
24%
Couplet 2 (Maes) Ils
24%
ils
24%
j'pars
24%
pour
24%
quand
24%
toi
24%
veux
24%
bien
22%
erreurs
22%
qu'une
22%
si
22%
kilos
21%
l'terrain
21%
con
20%
jamais
20%
Jamais
20%
mal
20%
m'menacer
20%
pelouse
20%
peu
20%
vide
20%
ceux
18%
j'fais
18%
T'es
18%
trois
18%
c'est
17%
C'est
17%
est
17%
français
17%
ont
17%
rentrera
17%
venger
17%
attaquant
16%
chauds
16%
eh
16%
feu
16%
j'avais
16%
j'parle
16%
monde
16%
Monténégro
16%
négro
16%
oreille
16%
p'tit
16%
qu'on
16%
réelle
16%
s'tamise
16%
ton
16%
t'salisse
16%
Vivons
16%
vivons
16%
Assieds-toi
14%
faux
14%
frère
14%
mouvement
14%
oint-j
14%
rouge
14%
t'aimes
14%
t'parle
14%
vu
14%
Bebeto
13%
cachés
13%
couvrent
13%
encore
13%
faut
13%
juges
13%
monter
13%
négo
13%
pédos
13%
personne
13%
pourquoi
13%
voitures
13%
Bonito
12%
Dieu
12%
Joga
12%
louches
12%
mes
12%
ventes
12%
vient
12%
boite
11%
cent
11%
déter'
11%
d's'échauffer
11%
égo
11%
Fais-les
11%
fais-les
11%
flow
11%
Geppetto
11%
grâce
11%
montré
11%
Outro (Maes) Omerta
11%
peinture
11%
pendant
11%
pillave
11%
taire
11%
t'écoute
11%
Angers
9%
bas
9%
CD
9%
choses
9%
danser
9%
d'bédo
9%
d'me
9%
d'Semedo
9%
eux
9%
jeudi
9%
J'vais
9%
refroidir
9%
Ronnie
9%
sous
9%
tabac
9%
vida
9%
47
8%
adolescent
8%
ans
8%
bois
8%
cash
8%
chargés
8%
couilles
8%
décos
8%
font
8%
f'saient
8%
j'y
8%
m'dit
8%
principal
8%
s'sont
8%
T'as
8%
toujours
8%
vais
8%
valeur
8%
Intro (PLK) Black
7%
compter
7%
défend
7%
d'l'orage
7%
Ennemi
7%
j'touche
7%
mélos
7%
météo
7%
montres
7%
place
7%
reconnaissant
7%
récup'
7%
refait
7%
trop
7%
Vingt-cinq
7%
bâtiment
5%
canna'
5%
chiffres
5%
crocs
5%
Eagle
5%
j'débite
5%
Leur
5%
l'moment
5%
lui
5%
mêmes
5%
nerveux
5%
régler
5%
augmenter
4%
avant
4%
brolics
4%
cher
4%
d'la
4%
Elles
4%
go'
4%
m'casse
4%
m'faire
4%
orangés
4%
sourire
4%
Vidal
4%
appris
3%
biens
3%
biff
3%
billets
3%
bruit
3%
celle
3%
changé
3%
Chapa
3%
défends
3%
Galactic
3%
mes-ar
3%
m'voyait
3%
neuf-cents
3%
Pense
3%
qu'ils
3%
reufs
3%
tombe
3%
vont
3%
balles
1%
cinquante
1%
dira
1%
j'redescends
1%
j'vendais
1%
mesures
1%
qu'j'ai
1%
qu'j'suis
1%
s'arranger
1%
shit
1%
s'ra
1%
avance
0%
avec
0%
ces-di
0%
Dépanne-lui
0%
d'monter
0%
m'connaissent
0%
pouvoir
0%
Aucun quiz correspondant
Distribution des résultats
% des personnes avec chaque résultat
Percentile par nombre de réponses
Votre historique - résultats
Vous n’avez pas pris ce quiz